Monte Carlo simulation in statistical physics : an introduction
Αποθηκεύτηκε σε:
| Κύριος συγγραφέας: | |
|---|---|
| Άλλοι συγγραφείς: | |
| Μορφή: | Βιβλίο |
| Γλώσσα: | English |
| Δημοσίευση: |
Berlin ; New York :
Springer-Verlag,
c1997
|
| Έκδοση: | 3rd ed. |
| Σειρά: | Springer series in solid-state sciences ;
; v. 80 |
| Θέματα: | |
| Ετικέτες: |
Προσθήκη ετικέτας
Δεν υπάρχουν, Καταχωρήστε ετικέτα πρώτοι!
|
MARC
| LEADER | 00000nam a2200000 i 4500 | ||
|---|---|---|---|
| 001 | 1/5337 | ||
| 008 | 000602s1997 eng d | ||
| 020 | |a 3-540-63265-4 | ||
| 035 | |l 10061547 | ||
| 040 | |a GR-MY-UA |b gre |e aacr | ||
| 041 | 0 | |a eng | |
| 082 | 0 | |a 530.415 | |
| 100 | 1 | |a Binder, K. |q (Kurt) |d 1944- | |
| 245 | 1 | 0 | |a Monte Carlo simulation in statistical physics : |b an introduction / |c K. Binder, D.V. Heermann |
| 250 | |a 3rd ed. | ||
| 260 | |a Berlin ; New York : |b Springer-Verlag, |c c1997 | ||
| 300 | |a x, 150 p.; |b ill.; |c 24 cm. | ||
| 490 | 1 | |a Springer series in solid-state sciences |v ; v. 80 | |
| 504 | |a Includes bibliographical references (p. 139-148) and index | ||
| 650 | 0 | 0 | |a Monte Carlo method. |
| 650 | 0 | 0 | |a Statistical physics. |
| 650 | 0 | 0 | |a Random walks (Mathematics) |
| 700 | 1 | |a Heermann, Dieter W. | |
| 830 | 0 | |a Springer series in solid-state sciences ; |v ; v. 80 | |
| 852 | |a INST |b SAMOS |e 20000602 |h 530.415 BIN |p 005300019727 |q 005300019727 |t BK |y 0 | ||
| 901 | |a BIBL3-2000-2 | ||
| 909 | |a Σ |b 078797 | ||
| 922 | |a 3ΕΛΗ |b 200005 |c ΚΠΣ |d ΠΑΠΑΣΩΤΗΡΙΟΥ | ||
| 950 | |a 116-1999-12-31 | ||
| 970 | |a ΜΑΛΑΓΑΡΗ |b ΦΩΤΕΙΝΗ |z 2000/07/27 | ||